| 000 | 00662nam a22002057a 4500 | ||
|---|---|---|---|
| 005 | 20180706145340.0 | ||
| 010 | _aENG-122464 | ||
| 020 |
_a9788171394081 _c1300.00 |
||
| 035 | _aEN-105996 | ||
| 037 | _bDBAD/PUB | ||
| 082 | _a570.285 | ||
| 100 | _aHaojam Rocky Singh | ||
| 245 |
_aComputational biology / _cby Haojam Rocky Singh [and] Mohd. Azharul Haque |
||
| 260 |
_aNew Delhi _bJnanada Prakashan (P&D) _c2016 |
||
| 270 |
_a4837/2, 24, Ansari Road, Daryaganj, _bNew Delhi _e110002 |
||
| 300 |
_a387p. _bill. _c21cm(Hb) |
||
| 500 | _aInclude bibliography [and] index | ||
| 700 | _dMohd. Azharul Haque | ||
| 942 |
_2ddc _cEN _mHAO _h570.285 |
||
| 999 |
_c150700 _d150700 |
||